| 000 | 01151nam a2200409 a 4500 | ||
|---|---|---|---|
| 001 | ocm015553824 | ||
| 003 | UkOxU | ||
| 005 | 20240902163231.0 | ||
| 008 | 030728r20021999enk 000 0beng | ||
| 015 | _aGBA3-54328 | ||
| 016 | 7 |
_a033041836x _2Uk |
|
| 020 | _a033041836X | ||
| 035 | _a(UkCU)C3167886 | ||
| 035 | _a(CStRLIN)UKBPGBA354328-B | ||
| 035 | _a(OCoLC)52738975 | ||
| 040 |
_aUkCU _beng _cUkCU _dUk _dTR-AnTOB _erda |
||
| 041 | _aeng | ||
| 050 | 4 |
_aPS3619.E26 _bL83 2002 |
|
| 090 | _aPS3619.E26 L83 2002 | ||
| 100 | 1 | _aSebold, Alice. | |
| 245 | 1 | 0 |
_aLucky / _cAlice Sebold. |
| 264 |
_aLondon : _bPicador, _c2002. |
||
| 300 |
_a254 pages ; _c22 cm. |
||
| 336 |
_atxt _2rdacontent |
||
| 337 |
_aunmediated _2rdamedia |
||
| 338 |
_avolume _2rdacarrier |
||
| 500 | _aOriginally published: 1999. | ||
| 590 | _aDonated by Nermin Çaker. | ||
| 600 | 1 | 0 | _aSebold, Alice. |
| 650 | 0 |
_aRape victims _zUnited States _vBiography |
|
| 650 | 0 |
_aRape _zUnited States |
|
| 650 | 0 |
_aRape trauma syndrome _zUnited States |
|
| 907 | _a.b22046252 | ||
| 942 |
_2lcc _cBK |
||
| 945 | _a.i17243397 | ||
| 999 |
_c200426069 _d43993 |
||